| 000 | 01405cam a2200265 4500 | ||
|---|---|---|---|
| 001 | J118721 | ||
| 008 | 020705n2001 000 0 eng u | ||
| 035 | _a(Sirsi) u118721 | ||
| 050 | _a333.33 | ||
| 110 |
_aProperty Council of Australia _93603 |
||
| 245 | _aDigital property | ||
| 260 |
_aSydney _bProperty Council of Australia _bAndersen Real Estate and Hospitality _c2001 |
||
| 300 |
_a96p. _c30m |
||
| 520 | _aReport of the Australian digital property project which explores the demands and themes resulting from the increased use of information technology and their impact on the way value can be created in the property industry. The principle themes discussed from the viewpoint of developers, managers, owners, performance measurement analysts and transaction facilitators are: connectivity; reality in the changing economic environment; customer demands; capital demands; and business models. The project continues via the digital property website at http://www.digitalproperty.com.au | ||
| 650 | _aE-PROPERTY | ||
| 650 | _aMANAGEMENT-BUSINESS MANAGEMENT-INFORMATION MANAGEMENT | ||
| 650 |
_aProperty management _96262 |
||
| 650 | _aPROPERTY DEVELOPMENT | ||
| 650 | _aPROPERTY SALES | ||
| 650 | _aPROPERTY TRANSACTIONS | ||
| 690 |
_aPROPERTY MANAGEMENT _96262 |
||
| 710 |
_aAndersen Real Estate and Hospitality _94271 |
||
| 856 | _uhttps://www.digitalproperty.com.au | ||
| 942 | _n0 | ||
| 999 |
_c102170 _d102170 |
||